LEADER 02660nam 2200709 a 450 001 9910965829503321 005 20251116221451.0 010 $a9783110254631 010 $a3110254638 024 7 $a10.1515/9783110254631 035 $a(CKB)2560000000079413 035 $a(EBL)835459 035 $a(OCoLC)772845213 035 $a(SSID)ssj0000591853 035 $a(PQKBManifestationID)11410424 035 $a(PQKBTitleCode)TC0000591853 035 $a(PQKBWorkID)10716487 035 $a(PQKB)10308118 035 $a(MiAaPQ)EBC835459 035 $a(DE-B1597)123559 035 $a(OCoLC)1013963263 035 $a(OCoLC)853206915 035 $a(DE-B1597)9783110254631 035 $a(Au-PeEL)EBL835459 035 $a(CaPaEBR)ebr10527881 035 $a(CaONFJC)MIL628115 035 $a(OCoLC)785776500 035 $a(Perlego)654303 035 $a(EXLCZ)992560000000079413 100 $a20110618d2012 uy 0 101 0 $aeng 135 $aur|n|---||||| 181 $ctxt 182 $cc 183 $acr 200 00$aMechanics of paper products /$fedited by Kaarlo Niskanen 205 $a1st ed. 210 $aBerlin ;$aBoston $cWalter de Gruyter GmbH$d2012 215 $a1 online resource (272 p.) 225 0 $aDe Gruyter Textbook 300 $aDescription based upon print version of record. 311 08$a9783110254617 311 08$a3110254611 320 $aIncludes bibliographical references and index. 327 $apt. 1. Structural strength -- pt. 2. Dynamic stability -- pt. 3. Reactions to moisture and water -- pt. 4. Material properties. 330 $aThis graduate level textbook focuses on the mechanical properties and performance of products made of fiber-based materials such as paper and board. The book aims to help students develop effective skills for solving problems of product performance and engineering challenges in new product development. Therefore the material is organized with a problem-based approach - a practical example of product performance is presented and then the relevant mechanics are analyzed to deduce which material properties control the performance. 410 3$aDe Gruyter Textbook 606 $aPaper$xMechanical properties 606 $aPaper products 615 0$aPaper$xMechanical properties. 615 0$aPaper products. 676 $a676/.28 686 $aZS 5620$2rvk 700 $aBerglund$b Lars$01852760 701 $aNiskanen$b Kaarlo$01900179 801 0$bMiAaPQ 801 1$bMiAaPQ 801 2$bMiAaPQ 906 $aBOOK 912 $a9910965829503321 996 $aMechanics of paper products$94559924 997 $aUNINA